FRC Teams by # of Blue Banners - Statistics

General Stats
  • This quiz has been taken 32 times
  • The average score is 9 of 24
Answer Stats
# of Banners Answer % Correct
64 118
90%
35 16
90%
67 254
90%
36 111
80%
56 1114
70%
64 2056
70%
54 67
70%
40 27
55%
54 1678
55%
51 33
40%
43 148
35%
56 359
30%
41 125
25%
45 987
15%
30 341
10%
42 195
5%
35 2046
5%
38 217
5%
30 234
5%
31 330
5%
37 503
5%
37 2468
0%
36 2974
0%
35 469
0%
No matching quizzes found
Score Distribution
Percent of People with Each Score
Percentile by Number Answered
Your Score History
You have not taken this quiz